Elecciones '90 : (Record no. 18580)

MARC details
000 -LEADER
campo de control de longitud fija 00955cam a2200265 a 4500
001 - NÚMERO DE CONTROL
campo de control 35733
005 - FECHA Y HORA DE LA ÚLTIMA TRANSACCIÓN
campo de control 20230410102057.0
008 - DATOS DE LONGITUD FIJA--INFORMACIÓN GENERAL
campo de control de longitud fija 910411s1990 dr c 000 0 spa
035 ## - NÚMERO DE CONTROL DEL SISTEMA
-- (DLC) 91139923
035 ## - NÚMERO DE CONTROL DEL SISTEMA
Número de control de sistema 4384629
010 ## - NÚMERO DE CONTROL DE LA BIBLIOTECA DEL CONGRESO
Número de control de LC 91139923
040 ## - FUENTE DE CATALOGACIÓN
Centro catalogador/agencia de origen DLC
Centro/agencia transcriptor DLC
043 ## - CÓDIGO DE ÁREA GEOGRÁFICA
Código de área geográfica nwdr---
050 14 - SIGNATURA TOPOGRÁFICA DE LA BIBLIOTECA DEL CONGRESO
Número de clasificación 118 JL 1138
Número de ítem E38 1990
082 00 - NÚMERO DE LA CLASIFICACIÓN DECIMAL DEWEY
Número de clasificación 324.97293/054
Número de edición 20
245 00 - MENCIÓN DEL TÍTULO
Título Elecciones '90 :
Resto del título discursos pronunciados ante la Cámara Americana de Comercio /
Mención de responsabilidad, etc. Froilán J.R. Tavares ... [et al.].
260 ## - PUBLICACIÓN, DISTRIBUCIÓN, ETC.
Lugar de publicación, distribución, etc. Santo Domingo, República Dominicana :
Nombre del editor, distribuidor, etc. American Chamber of Commerce of the Dominican Republic :
-- Báez Guerrero & Asociados,
Fecha de publicación, distribución, etc. c1990.
300 ## - DESCRIPCIÓN FÍSICA
Extensión 137 p. :
Otras características físicas ports. ;
Dimensiones 23 cm.
650 #0 - PUNTO DE ACCESO ADICIONAL DE MATERIA--TÉRMINO DE MATERIA
Término de materia o nombre geográfico como elemento de entrada Elections
Subdivisión geográfica Dominican Republic.
650 #0 - PUNTO DE ACCESO ADICIONAL DE MATERIA--TÉRMINO DE MATERIA
Término de materia o nombre geográfico como elemento de entrada Presidents
Subdivisión geográfica Dominican Republic
Subdivisión general Election
Subdivisión cronológica 1990.
700 1# - ENTRADA AGREGADA--NOMBRE PERSONAL
Nombre de persona Tavares, Froilán J. R.
710 2# - ENTRADA AGREGADA--NOMBRE DE ENTIDAD CORPORATIVA
Nombre de entidad corporativa o nombre de jurisdicción como elemento de entrada American Chamber of Commerce of the Dominican Republic.
942 ## - ELEMENTOS DE ENTRADA SECUNDARIOS (KOHA)
Fuente del sistema de clasificación o colocación Clasificación de Library of Congress
Tipo de ítem Koha
922 ## -
-- ap
Holdings
Estatus retirado Estado de pérdida Fuente del sistema de clasificación o colocación Estado de daño No para préstamo Colección Biblioteca de origen Biblioteca actual Ubicación en estantería Fecha de adquisición Serial enumeration / chronology Signatura topográfica completa Código de barras Visto por última vez Copia número Tipo de ítem Koha
    Clasificación de Library of Congress     Recursos Regionales Biblioteca Juan Bosch Biblioteca Juan Bosch Recursos Regionales (2do. Piso) 10/04/2023 1 118 JL 1138 E38 1990 00000033918 23/10/2018 1